Countries by clue - Statistics

General Stats
  • This quiz has been taken 24 times
  • The average score is 12 of 15
Answer Stats
Hint Answer % Correct
Has by far the highest military budget USA
96%
Won the most battles in history France
92%
Has the most populous island Indonesia
88%
It colonized a huge south Američan country Portugal
88%
Has a slightly higher gdp than Africa Uk
83%
Its geographicly thin, and its capital starts on-:S Chile
79%
Highest gdp per capita (also micronations counted) Monaco
79%
Newest country South Sudan
79%
It has 2 Micronations IN IT Italy
75%
Equatorial Guinea was occupied by the country Spain
75%
Has the most civilian deaths in ww2 China
71%
Has the lowest population density Mongolia
71%
Its also known as the giant of africa Nigeria
71%
It has the most islands in the world Sweden
63%
And african nation which was never colonized by european powers (not ethiopia) Liberia
54%
No matching quizzes found
Score Distribution
Percent of People with Each Score
Percentile by Number Answered
Your Score History
You have not taken this quiz